Responses for show #5645 - Friday, March 6, 2009

Contestants

[<< previous game]

Inta Antler, a retired computer programmer from Scarborough, Ontario, Canada

Stephanie Herndon, an administrative associate from Waco, Texas

Sara Harold, a mother and homemaker from San Diego, California (whose 1-day cash winnings total $11,500)

[next game >>]

Jeopardy! Round responses

RULE BRITANNIA
DYSFUNCTION JUNCTION
GRAY MATTER
HAVE A BEER & A SLOGAN
SELDOM IS HEARD
A DISCOURAGING WORD
    $200 1
Elizabeth II

Stephanie
    $200 6
Madonna

Stephanie
    $200 8
Colorado

Triple Stumper
    $200 12
Coors

Sara
    $200 21
Alice (in Wonderland)

Stephanie
    $200 26
a wet blanket

Inta
    $400 2
George III

Sara
    $400 7
Sid & Nancy Vicious

Inta
    $400 9
Dorian Gray

Inta
    $400 13
St. Pauli Girl

Sara
    $400 22
opportunity

Stephanie
    $400 27
melancholy

Sara
    $600 3
(Stephanie: Who is Henry VIII?)
(Inta: Who is Edward VII?)

Charles II

StephanieInta
Triple Stumper
    $600 16
Amy Winehouse

Stephanie
    $600 10
the gray wolf

Sara
    $600 14
(Stephanie: What is Pabst Blue Ribbon?)

Schlitz

StephanieInta
    $600 23
Aesop

Sara
    $600 28
crestfallen

Triple Stumper
    $800 4
William & Mary

Inta
    $800 17
the Kardashians

Stephanie
    $800 11
Walt Whitman

Inta
    $800 15
[ERRATUM: The slogan was actually for Old Milwaukee beer.]

Milwaukee's Best

Triple Stumper
    $800 24
girls who wear glasses

Inta
    $800 29
(Inta: What is downtrodden?)

downcast

Inta
Triple Stumper
    $1000 5
James I

Sara
    $1000 18
Eminem

Stephanie
    $1000 19
L. Patrick Gray

Triple Stumper
    $1000 20
Busch

Triple Stumper
    $1000 25
The Federalist Papers

Sara
    $1,600 30
(Sara: What is shame?)

disparage

Sara

Scores at the first commercial break (after clue 15):

Sara Stephanie Inta
$2,600 -$800 $2,400

Scores at the end of the Jeopardy! Round:

Sara Stephanie Inta
$3,000 $2,200 $2,600

Double Jeopardy! Round responses

GEORGIA
SITCOM THEME SONGS
SOME SCIENCE, SOME NATURE
CAR SHOW
THE ART OF WORK
"IT" HAPPENS
    $400 16
Athens

Inta
    $400 1
Married... With Children

Stephanie
    $400 8
the redwood

Inta
    $400 6
the Model T

Sara
    $400 14
(Stephanie: What is a woodchopper?)
(Inta: What is a lumberjack?)
(Sara: What is a woodsman?)
...
(Alex: That's Abraham Lincoln, the famous [*].)

Railsplitter

SaraStephanieInta
Triple Stumper
    $400 20
an obituary

Inta
    $800 17
the Olympics

Sara
    $800 2
Hannah Montana

Stephanie
    $800 9
your car

Sara
    $800 7
(Stephanie: What is an Accord?)

the Civic

StephanieInta
    $800 15
(Alex: And those are [*].)

blacksmiths

Triple Stumper
    $800 21
a majority

Sara
    $1200 18
the Girl Scouts

Inta
    $1200 3
The Drew Carey Show

Stephanie
    $1200 10
sleep apnea

Sara
    $1200 13
a Mustang

Inta
    $1200 26
the Eiffel Tower

Sara
    $1200 23
veritas

Sara
    $1,000 19
(Inta: What is praline?)

(hominy) grits

Inta
    $1600 4
(Alex: That goes back to [*].)

The Partridge Family

Triple Stumper
    $1600 11
Halley's Comet

Stephanie
    $1600 29
Saturn

Stephanie
    $1600 27
(Stephanie: Who is... Pieter?...)
(Alex: No.)
(Stephanie: [Overlapping] Bruegel?)
[Stephanie's full response came before her time ran out. Alex ruled her incorrect at the exact same time she completed her response.]

Pieter Bruegel

SaraStephanie
    $1600 24
split screen

Inta
    $2000 22
Fort Benning

Sara
    $2000 5
(Alex: Another older show--[*].)

Family Ties

Triple Stumper
    $2000 12
a goose

Stephanie
    $2000 30
(Inta: What is Rolls-Royce?)
(Stephanie: What is Jaguar?)
...
(Alex: Kind of narrowed it down, Sara. Correct response--what is [*]?)

Aston Martin

StephanieInta
Triple Stumper
    $2000 28
a spinning wheel

Inta
    $2,000 25
the Puritans

Inta

Scores at the end of the Double Jeopardy! Round:

Sara Stephanie Inta
$12,600 $5,000 $9,200

[wagering suggestions for these scores]

Final Jeopardy! Round responses

CELEBRATIONS
(Alex: I will tell you now that if you wrote down "Who is Sean Connery?" you're wrong.)
StephanieWho is Burns?
$4,999
IntaWho is Robbie Burns?
$3,500
SaraWho is Robb
$6,000
Rabbie Burns

Final scores:

Sara Stephanie Inta
$6,600 $9,999 $12,700
3rd place: $1,000 2nd place: $2,000 New champion: $12,700

Game dynamics:

Coryat scores:

Sara Stephanie Inta
$14,200 $5,000 $10,200
17 R,
2 W
(including 1 DD)
13 R,
6 W
16 R
(including 1 DD),
5 W
(including 1 DD)

Combined Coryat: $29,400

The J! Archive is created by fans, for fans. The Jeopardy! game show and all elements thereof, including but not limited to copyright and trademark thereto, are the property of Jeopardy Productions, Inc. and are protected under law. This website is not affiliated with, sponsored by, or operated by Jeopardy Productions, Inc. Join the discussion at JBoard.tv.